| 000 | 00699nam a2200229 a 4500 | ||
|---|---|---|---|
| 001 | 63015 | ||
| 003 | BD-RjUL | ||
| 005 | 20211209081142.0 | ||
| 008 | 170128s1965 e 001 0 eng | ||
| 035 | _a(BD-RjUL)63143 | ||
| 040 |
_aDLC _cODaWU _dOCoLC _dBD-RjUL _beng |
||
| 041 | _aeng | ||
| 082 |
_a828.8 _223 _bCEN 1966 |
||
| 245 | 1 | 2 |
_aA century of George Eliot criticism / _cedited by Gordon S. Haight. |
| 260 |
_aLOndon : _bHoughton Mifflin, _cc1965-1966 |
||
| 300 |
_axiv, 370 p. ; _c22 cm. |
||
| 500 | _aInclude index | ||
| 600 | 1 | 0 |
_aEliot, George, _d1819-1880 _xCriticism and interpretation. _9187461 |
| 700 |
_aHaight, Gordon Sherman, _9187460 |
||
| 942 |
_2ddc _cBK |
||
| 999 |
_c63015 _d63015 |
||